Hauptstädte von den Provinzen Spaniens - Statistiken

Allgemein
  • Dieses Quiz wurde 315 mal gespielt
  • Das Durchschnittsergebnis liegt bei 12 aus 20
Antwortstatistiken
Provinz Hauptstadt % Korrekt
Madrid Madrid
97%
Katalonien Barcelona
94%
Balearische Inseln Palma de Mallorca
93%
Valencia Valencia
93%
Andalusien Sevilla
91%
Murcia Murcia
80%
Kanarische Inseln (2) Las Palmas de Gran Canaria
68%
Aragonien Saragossa
66%
Galicien Santiago de Compostela
54%
Navarra Pamplona
53%
Asturien Oviedo
45%
Kanarische Inseln (1) Santa Cruz de Tenerife
45%
Kastilien-Leon Valladolid
45%
Kantabrien Santander
40%
(Autonome Städte) Ceuta
39%
Baskenland Vitoria-Gasteiz
36%
Kastilien-La Mancha Toledo
35%
Melilla
33%
Extremadura Mérida
23%
La Rioja Logroño
20%
Keine übereinstimmenden Quizze gefunden
Verteilung der Resultate
Anzahl Personen mit jedem Resultat
Perzentil nach korrekt beantworteten Fragen
Ihre Resultats-Entwicklung
Sie haben dieses Quiz noch nicht gespielt